Liga Konferencji 2023/2024 - Statystyki

Ogólne statystyki
  • Ten quiz został rozwiązany 254 razy
  • Średni wynik to 9 z 32
Statystyki odpowiedzi
NUMER GRUPA KLUB % Poprawnych
19 E Legia Warszawa
95%
18 E Aston Villa
85%
17 GRUPA E AZ Alkmaar
74%
20 E HSK Zrinjski Mostar
45%
22 F ACF Fiorentina
43%
1 GRUPA A LOSC Lille
35%
26 G PAOK FC
35%
5 GRUPA B KAA Gent
32%
2 A Slovan Bratysława
30%
13 GRUPA D Club Brugge
29%
25 GRUPA G Eintracht Frankfurt
28%
28 G Aberdeen F.C.
27%
9 GRUPA C Dinamo Zagrzeb
26%
29 GRUPA H Fenerbahçe SK
25%
4 A KÍ Klaksvík
25%
23 F KRC Genk
25%
14 D FK Bodø/Glimt
24%
27 G HJK Helsinki
21%
15 D Beşiktaş JK
20%
11 C FK Astana
17%
24 F FK Čukarički
17%
16 D FC Lugano
16%
31 H Spartak Trnawa
16%
8 B Breiðablik UBK
14%
12 C FC Ballkani
14%
32 H FC Nordsjælland
14%
3 A NK Olimpija Lublana
13%
10 C Victoria Pilzno
13%
21 GRUPA F Ferencvárosi TC
12%
7 B Zoria Ługańsk
12%
30 H Łudogorec Razgrad
11%
6 B Maccabi Tel Awiw
10%
Nie znaleziono quizów pasujących do podanych kryteriów
Rozkład punktacji
Procent ludzi z każdym wynikiem
Percentyl według liczby udzielonych odpowiedzi
Twoja historia wyników
Nie rozwiązałeś tego quizu